Podniková sociálna politika v prospech ochrany starých ľudí...
Uskutočňovanie sociálnej politiky podniku v prospech dôchodcov - bývalých zamestnancov. Adresnosť sociálnych aktivít podľa toho, akého okruhu, resp. ktorých skupín dôchodcov - bývalých záujemcov sa týka. Štruktúra sociálnych aktivít. Orientácia zámeru podnikovej sociálnej politiky v prospech dôchodc...
Guardado en:
| Autor principal: | |
|---|---|
| Formato: | Capítulo de libro |
| Lenguaje: | eslovaco |
| Materias: | |
| Etiquetas: |
Sin Etiquetas, Sea el primero en etiquetar este registro!
|
MARC
| LEADER | 00000naa a2200000 4500 | ||
|---|---|---|---|
| 001 | r031692 | ||
| 005 | 20230424115650.9 | ||
| 041 | 0 | |a slo | |
| 044 | |a SK | ||
| 245 | 1 | 0 | |a Podniková sociálna politika v prospech ochrany starých ľudí... |c Alena Krausová |
| 520 | |a Uskutočňovanie sociálnej politiky podniku v prospech dôchodcov - bývalých zamestnancov. Adresnosť sociálnych aktivít podľa toho, akého okruhu, resp. ktorých skupín dôchodcov - bývalých záujemcov sa týka. Štruktúra sociálnych aktivít. Orientácia zámeru podnikovej sociálnej politiky v prospech dôchodcov. Schéma zameranosti a proporcionality aktivít sociálnej politiky podniku. | ||
| 610 | 2 | 0 | |a politika sociálna podniková |
| 610 | 2 | 0 | |a dôchodcovia |
| 610 | 2 | 0 | |a zamestnanci |
| 610 | 2 | 0 | |a vek postproduktívny |
| 610 | 2 | 0 | |a služby sociálne |
| 100 | 1 | |a Krausová, Alena | |